000 01711nam0a2200325 4500
001 RU\NLR\BIBL_A\011589850
005 20260407231412.0
010 _a9785990740365
_9250
021 _aRU
_b2017-94946
_96815
035 _a(RuMoRGB)009481650
035 _a(NLR Aleph) 011589850
090 _a10832133
_c10832133
100 _a20180111d2017 k y0rusy50 ca
101 0 _arus
102 _aRU
105 _aa z 000zy
200 1 _aЛучшие практики работы по основным направлениям реализации государственной молодежной политики на муниципальном уровне
_eсборник статей
_fУправление по делам семьи и молодежи администрации города Ноябрьска
_g[ответственный редактор: Кириллова Оксана Анатольевна, кандидат филологических нау]
210 _aНоябрьск
_cАльфа-СТАМП
_d2017
215 _a199 с.
_cил., табл.
_d21
300 _aНа обл. .: 25 лет с молодежью УДСМ
320 _aБиблиогр. в конце ст.
606 _aМолодежная политика
_jСборники
_xСоциальный аспект
_92239466
_3RU\NLR\AUTH\6601575391
686 1 _aС550.325.1я43
702 1 _aКириллова
_bО.А.
_gОксана Анатольевна
_4340
712 0 1 _4570
_aНоябрьск
_bУправление по делам семьи и молодежи
_3RU\NLR\AUTH\8810156796
_9809001
942 _cBOOK
980 _aNBR